MARC details
| 000 -CABECERA |
| campo de control de longitud fija |
01882cam a2200265 a 4500 |
| 001 - NÚMERO DE CONTROL |
| campo de control |
000036917 |
| 005 - FECHA Y HORA DE LA ÚLTIMA TRANSACCIÓN |
| campo de control |
20240705073647.0 |
| 008 - DATOS DE LONGITUD FIJA--INFORMACIÓN GENERAL |
| campo de control de longitud fija |
870925m1994 pr a s011 0 spa d |
| 020 ## - NÚMERO INTERNACIONAL ESTÁNDAR DEL LIBRO |
| Número Internacional Estándar del Libro |
0847736814 |
| 040 ## - FUENTE DE LA CATALOGACIÓN |
| Centro catalogador/agencia de origen |
DO-SdBNP |
| Lengua de catalogación |
spa |
| Centro/agencia transcriptor |
BNPHU |
| 100 1# - ENTRADA PRINCIPAL--NOMBRE DE PERSONA |
| Nombre de persona |
Hostos, Eugenio María de, |
| Fechas asociadas al nombre |
1839-1903 |
| 9 (RLIN) |
1352 |
| 240 10 - TÍTULO UNIFORME |
| Título uniforme |
Obras completas |
| 245 10 - MENCIÓN DE TÍTULO |
| Título |
Crítica / |
| Mención de responsabilidad, etc. |
Eugenio María de Hostos ; edición revisada y anotada por Julio César López y Vivian Quiles Calderín, con la colaboración de Marcos Reyes Dávila ; prólogo por Marcos Reyes Dávila. |
| 260 ## - PUBLICACIÓN, DISTRIBUCIÓN, ETC. |
| Lugar de publicación, distribución, etc. |
Río Piedras : |
| Nombre del editor, distribuidor, etc. |
Instituto de Estudios Hostosianos : |
| -- |
Instituto de Cultura Puertorriqueña : |
| -- |
Universidad de Puerto Rico, |
| Fecha de publicación, distribución, etc. |
1994. |
| 300 ## - DESCRIPCIÓN FÍSICA |
| Extensión |
539 p. : |
| Otras características físicas |
il. ; |
| Dimensiones |
24 cm. |
| 490 0# - MENCIÓN DE SERIE |
| Mención de serie |
Obras completas (edición crítica) ; vol. 1. Literatura ; |
| Designación de volumen o secuencia |
t. 3 |
| 504 ## - NOTA DE BIBLIOGRAFÍA, ETC. |
| Nota de bibliografía, etc. |
Incluye bibliografías e índices. |
| 505 0# - NOTA DE CONTENIDO CON FORMATO |
| Título |
La crítica deicida de Hostos o la incandescencia de América / |
| Mención de responsabilidad |
por Marcos Reyes Dávila. -- |
| Título |
Crítica: conceptos y proyecciones. -- |
| -- |
Crítica literaria de poesía. -- |
| -- |
Crítica literaria de teatro. -- |
| -- |
Crítica literaria de narrativa. -- |
| -- |
Crítica diversa de pintura y escultura. -- |
| -- |
Crítica diversa de música. -- |
| -- |
Boceto sobre Plácido. -- |
| -- |
Datos sobre Plácido. -- |
| -- |
El argumento de Bartrina. -- |
| -- |
Moratín y goethe. -- |
| -- |
Acerca de Hamlet / |
| Mención de responsabilidad |
por Víctor Hugo; traducción y carta introductoria de Eugenio María de Hostos. -- |
| Título |
Fragmentos de Romeo y Julieta citados por Hostos.-- |
| -- |
Fragmentos de Hamlet citados por Hostos. -- |
| -- |
Un crítico / |
| Mención de responsabilidad |
estudios literarios por don Francisco Giner. |
| 600 14 - PUNTO DE ACCESO ADICIONAL DE MATERIA--NOMBRE DE PERSONA |
| Nombre de persona |
HOSTOS, EUGENIO MARÍA DE, |
| Fechas asociadas al nombre |
1865-1878 |
| Subdivisión general |
COLECCIONES DE ESCRITOS |
| 9 (RLIN) |
63316 |
| 650 24 - PUNTO DE ACCESO ADICIONAL DE MATERIA--TÉRMINO DE MATERIA |
| Término de materia o nombre geográfico como elemento de entrada |
Literatura puertorriqueña |
| 9 (RLIN) |
250 |
| 650 24 - PUNTO DE ACCESO ADICIONAL DE MATERIA--TÉRMINO DE MATERIA |
| Término de materia o nombre geográfico como elemento de entrada |
Crítica literaria |
| 9 (RLIN) |
3141 |
| 700 1# - PUNTO DE ACCESO ADICIONAL--NOMBRE DE PERSONA |
| Nombre de persona |
López, Julio César, |
| Término indicativo de función/relación |
ed. |
| 9 (RLIN) |
9028 |
| 700 1# - PUNTO DE ACCESO ADICIONAL--NOMBRE DE PERSONA |
| Nombre de persona |
Quiles Calderín, Vivian, |
| Término indicativo de función/relación |
ed. |
| 9 (RLIN) |
9027 |
| 700 1# - PUNTO DE ACCESO ADICIONAL--NOMBRE DE PERSONA |
| Nombre de persona |
Reyes Dávila, Marcos, |
| Término indicativo de función/relación |
pról. |
| 9 (RLIN) |
63317 |